000 00927cam a2200277 i 4500
001 61828
003 Mx-PuUPA
005 20230308083328.0
008 141128s2004 mx gr 001 0dspa d
020 _a9706909788
040 _aMx-PuUPA
_bspa
_cMx-PuUPA
_dMx-PuUPA
_erda
041 0 _aspa
100 1 _aVillalpando, José Manuel,
_d1957,
_eautor
245 1 3 _aLa Virgen de Guadalupe :
_buna biografía /
_cJosé Manuel Villalpando.
250 _aPrimera edición /
_bmarzo
264 1 _aMéxico, D.F. :
_bEditorial Planeta Mexicana,
_c©2004
300 _a206 páginas ;
_c23 cm
336 _atexto
_2rdacontent
_btxt
337 _asin medio
_2rdamedia
_bn
338 _avolumen
_2rdacarrier
_bnc
650 7 _aVirgen de Guadalupe
_xApariciones y milagros
_2armarc
650 7 _aHistoria
_vBiografía
_2armarc
942 _2ddc
_cLI
_h232.917092
_iV695
999 _c61828
_d61828